000 00857cam a22001934a 4500
005 20250605164235.0
008 250528s ||||||||||||||||||||||||d
035 _a21100
020 _a9780285638037
040 _aGR-AtMCL
_bgre
_dGR-AtMCL
_eAACR2
245 1 _aWhy People Believe Weird Things / Pseudoscience, Superstition and Other Confusions of Our Time
260 _bSouvenir Press,
_c2008
300 _a356
520 _aExploring the very human reasons behind otherworldly phenomena, conspiracy theories and cults Shermer explains why are they so appealing to so many. Foreword, Introduction, Prologue, Science and Skepticism, Pseudoscience and Superstition, Evolution and Creationism, History and Pseudohistory, Hope Springs Eternal, Bibliography, Index.
700 1 _aShermer Michael
_97128
942 _cBK
999 _c6169
_d6169